Oceania: Map Quiz - Statistics

General Stats
  • This quiz has been taken 39 times
  • The average score is 10 of 14
Answers on the Map
Answers color-coded by a green-red scale on the quiz's map according to % correct below.
 
Answer Stats
Answer % Correct
Australia
100%
New Zealand
95%
Papua New Guinea
90%
Kiribati
86%
Marshall Islands
81%
Fiji
76%
Nauru
76%
Solomon Islands
76%
Micronesia
67%
Palau
67%
Samoa
67%
Tonga
52%
Vanuatu
52%
Tuvalu
48%
No matching quizzes found
Score Distribution
Percent of People with Each Score
Percentile by Number Answered
Your Score History
You have not taken this quiz